| 000 | 00000nam 2200000za 4500 |
| 001 | 9.801741 |
| 003 | CaOODSP |
| 005 | 20221107134845 |
| 007 | cr ||||||||||| |
| 008 | 160526s2016 quc ob f000 0 fre d |
| 020 | |a978-0-660-02776-0 |
| 040 | |aCaOODSP|bfre |
| 043 | |an-cn--- |
| 086 | 1 |aEn14-231/2015F-PDF |
| 245 | 00|aRapport d'évaluation préalable - éthylbenzène |h[ressource électronique] : |bnuméro de registre du Chemical Abstracts Service 100-41-4. |
| 246 | 17|aRapport d’évaluation préalable : n° CAS 100-41-1 |
| 246 | 30|aÉthylbenzène : numéro de registre du Chemical Abstracts Service 100-41-4 |
| 260 | |a[Gatineau, Québec] : |bEnvironnement et Changement climatique Canada, |bSanté Canada, |cc2016. |
| 300 | |avii, 148 p. |
| 500 | |aPubl. aussi en anglais sous le titre : Screening assessment report – ethylbenzene: Chemical Abstracts Service Registry Number 100-41-4. |
| 500 | |a« Avril 2016. » |
| 504 | |aComprend des réf. bibliogr. |
| 692 | 07|2gccst|aProduit chimique |
| 692 | 07|2gccst|aToxicologie |
| 710 | 1 |aCanada. |bSanté Canada. |
| 710 | 1 |aCanada. |bEnvironnement et changement climatique Canada. |
| 775 | 08|tScreening assessment report - ethylbenzene |w(CaOODSP)9.801739 |
| 856 | 40|qPDF|s1.02 Mo|uhttps://publications.gc.ca/collections/collection_2016/eccc/En14-231-2015-fra.pdf |